000 01071nam a2200253Ia 4500
003 OSt
005 20220930094904.0
006 a|||||r|||| 00| 0
007 ta
008 220926b |||||||| |||| 00| 0 hin d
024 _a32528
037 _cTheses
040 _aCRL
_cCRL
_bhin
041 _2hin
_ahin
100 _aआर्या, मोहिनी, ले.
110 _aदिल्ली विश्वविद्यालय. कला संकाय. संस्कृत
_9556599
245 0 _aउत्तरपाणिनीय व्याकरण-सम्प्रदायों में कृत् प्रत्यय
_b एक अध्ययन
246 _aUttarapāṇinīya vyākaraṇa-sampradāyoan mean kṛut pratyaya: ek adhyayana
260 _c2014
300 _a149पृ.
_ap.
_ccm.
700 _aदिल्ली विश्वविद्यालय. कला संकाय. संस्कृत
_9556600
942 _cDIS
_2CC
999 _c887870
_d887870